ARRUPE JESUIT UNIVERSITY

CORONAVIRUS -STOP THE SPREAD - CLEAN,DISINFECT,COVER
Normal view MARC view

Entry Personal Name

Number of records used in: 11

001 - CONTROL NUMBER

  • control field: 20175

003 - CONTROL NUMBER IDENTIFIER

  • control field: ARRUPE

005 - DATE AND TIME OF LATEST TRANSACTION

  • control field: 20151008151301.0

008 - FIXED-LENGTH DATA ELEMENTS

  • fixed length control field: 151008|| aca||aabn | a|a d

040 ## - CATALOGING SOURCE

  • Original cataloging agency: ARRUPE
  • Transcribing agency: ARRUPE

100 ## - HEADING--PERSONAL NAME

  • Personal name: Woolf, Virginia

670 ## - SOURCE DATA FOUND

  • Source citation: Work cat.: (ARRUPE)29034: Woolf, Virginia, Mrs Dalloway

 

Arrupe Library. PO Box MP320 Mt Pleasant, Harare, Zimbabwe
263 242 745411|librarian@aju.ac.zw